00369nam a2200145Ia 45000030006000000080041000060400015000471000019000622450040000812500006001212600059001273000008001865460012001940050017002060STCL150530s9999 xx 000 0 und d aSTCLcSTCL aCarruthers, W. aModern methods of organic synthesis a4 bCambridge university press; Cambridgec2004aCambridge a493 aEnglish20220125170311.0